Lengua española 4 : (Registro nro. 9845)

Detalles MARC
000 -LIDER
fixed length control field 01415nam a2200337 a 4500
001 - NÚMERO DE CONTROL
Identificador de número de control 00003871
003 - IDENTIFICACDOR DE NÚMERO DE CONTROL
control field DO-SdBNP
005 - DATE AND TIME OF LATEST TRANSACTION
control field 20180305134705.0
007 - CAMPOS FIJOS DE DESCRIPCIÓN FÍSICA
fixed length control field 00003871
008 - ELEMENTOS DE LONGITUD FIJA
fixed length control field 110712s2010 dr ac 000 0 spa d
020 ## - ISBN
International Standard Book Number 978994546146X
040 ## - FUENTE DE CATALOGACIÓN
Agencia que crea de manera original el registro BPMSU
Idioma de catalogación spa
Agencia que realiza la transcripción BPMSU
082 04 - NÚMERO DE CLASIFICACIÓN DECIMAL DE DEWEY
Classification number 372.6561
Item number V145L, 4to. 2010
100 1# - ASIENTO PRINCIPAL -- NOMBRE PERSONAL
Nombre personal Valdez, Lidia
245 10 - MENCIÓN DE TITULO
Título Lengua española 4 :
Subtítulo educación básica /
Mención de responsabilidad Fiume Gómez ; revisada y actualizada Lidia Valdez y Reyna Patricia Carrasco ; producción editorial María del Jesús de la Rosa ; ilustración Daniel Espinal, Wi-Hen Fung.
250 ## - MENCIÓN DE EDICION
Mención de edición 2ª ed. revisada y actualizada
260 ## - PUBLICACIÓN, DISTRIBUCIÓN, ETC. (PIE DE IMPRENTA)
Lugar de publicación, distribución, etc Santo Domingo :
Nombre del editor, distribuidor, etc. Actualidad Escolar,
Fecha de publicación, distribución, etc 2010.
300 ## - DESCRIPCIÓN FÍSICA
Extensión 2v. :
Otros detalles físicos il., retrs. ;
Dimensiones 28 cm.
500 ## - NOTA GENERAL
Nota general Iincluye el libro del maestro.
500 ## - NOTA GENERAL
Nota general Texto original elaborado por Fiume Gómez
505 0# - NOTA DE CONTENIDO
Texto normalizado de contenido Lectura de entrada --
Título Vocabulario --
-- Me expreso de formas diferentes --
-- Para escribir --
-- Estudio mi lengua --
-- Me expreso de formas diferentes --
-- Valor --
-- Me divierto --
700 12 - ASIENTO SECUNDARIO -- NOMBRE PERSONAL
Nombre personal Carrasco, Reyna Patricia
700 1# - ASIENTO SECUNDARIO -- NOMBRE PERSONAL
Nombre personal Gómez, Fiume
Título de una obra Lengua española 4.
700 1# - ASIENTO SECUNDARIO -- NOMBRE PERSONAL
Nombre personal Espinal, Daniel,
Mención de responsabilidad il.
700 1# - ASIENTO SECUNDARIO -- NOMBRE PERSONAL
Nombre personal Fung, Wi-Hen,
Mención de responsabilidad il.
700 12 - ASIENTO SECUNDARIO -- NOMBRE PERSONAL
Nombre personal Rosa, María del Jesús de la,
Mención de responsabilidad ed.
910 ## - VALIDACIÓN
Validación Validado. Control de calidad MFF
942 ## - ADDED ENTRY ELEMENTS (KOHA)
Source of classification or shelving scheme Dewey Decimal Classification
Koha item type Libros
945 ## - INFORMACIÓN DE PROCESAMIENTO LOCAL
Información de procesamiento local Remanejado para la BNPHU / 2018
956 ## - LOCAL ELECTRONIC LOCATION AND ACCESS (OCLC)
Nombre de host LOPEREZ
Número de acceso 10
Información de compresión 20160420
Inicio de sesión BPMSU
Procesador de solicitud 00041
Existencias
Withdrawn status Lost status Source of classification or shelving scheme Damaged status Not for loan Collection code Home library Current library Date acquired Source of acquisition Total Checkouts Full call number Barcode Date last seen Price effective from Koha item type
    Dewey Decimal Classification     Colección Escolar Biblioteca Pública Metropolitana Salomé Ureña Biblioteca Pública Metropolitana Salomé Ureña 04/20/2016 Donación   372.6561 V145L, 4to. 2010 v. 1 BPMSU16040560 04/20/2016 04/20/2016 Libros
    Dewey Decimal Classification     Colección Escolar Biblioteca Pública Metropolitana Salomé Ureña Biblioteca Pública Metropolitana Salomé Ureña 04/20/2016 Donación   372.6561 V145L, 4to. 2010 v.2 Libro del maestro BPMSU16040561 04/20/2016 04/20/2016 Libros